| 000 | 01036nam a2200313Ia 4500 | ||
|---|---|---|---|
| 001 | Z_6869 | ||
| 003 | CHAP | ||
| 008 | 220113s2016 xx 000 0 und d | ||
| 010 | _a170143 | ||
| 040 | _cCHAP | ||
| 090 | _aTesis C67 2505 | ||
| 100 |
_aCortez Arriola, José _928294 |
||
| 245 |
_aExploring opportunities for on-farm innovations in smallholders dairy systems of Michoacán, México / _cJosé Cortez Arriola |
||
| 260 |
_aWageningen, NL _c2016 |
||
| 300 | _a162 p. | ||
| 502 | _aTesis ( Doctorado) -- Wageningen University, 2016 \ Director: P. A. Tittonell; asesoría: W. A. H. Rossing y R. D. Améndola Massiotti | ||
| 650 |
_aGanado lechero _945237 |
||
| 650 |
_aInnovación de granja _9146202 |
||
| 650 |
_aPequeños productores _9146203 |
||
| 700 |
_a Améndola Massiotti, R. D., asesor _9146204 |
||
| 700 |
_a Rossing, W. A. H., asesor _9146205 |
||
| 700 |
_aTittonell, P. A., director _9146206 |
||
| 901 | _aTESIS C67 2505 | ||
| 902 | _aA | ||
| 910 | _a2016 | ||
| 942 | _c2 | ||
| 942 | _c2 | ||
| 999 |
_c170143 _d170143 |
||